000 01375nam a22001577a 4500
041 _aukr
080 _a82
090 _bМОТ
100 _aМотрук Н.В.
245 _aЛексико-семантична характеристика термінів на позначення клонування (за матеріалами англомовних видань "Newsweek" та "U.S News and World Report")
260 _aОстрог
_bКАФ
_c2010
300 _a39
520 _aВСТУП РОЗДІЛ 1 ЛЕКСИКО-СЕМАНТИЧНІ ТА СТИЛІСТИЧНІ ОСОБЛИВОСТІ ТЕРМІНІВ 1.1 Визначення та функції термінів. 1.2 Лексичні та семантичні характеристики термінів. 1.3 Особливості використання термінів у пресі. РОЗДІЛ 2 ФУНКЦІОНУВАННЯ ТЕРМІНІВ НА ПОЗНАЧЕННЯ КЛОНУВАННЯ У ПУБЛІЦИСТИЧНИХ ТЕКСТАХ 2.1 Тематичний аналіз термінів на позначення клонування. 2.2 Детермінологізація термінів на позначення клонування, як засіб впливу на читача. ВИСНОВКИ
_0термін, клонування
650 _aResearch Papers
999 _c284219
_d284219
942 _cBK